| 000 | 01422cam a2200325 i 4500 | ||
|---|---|---|---|
| 999 |
_c354213 _d354213 |
||
| 001 | 19083108 | ||
| 003 | NUST | ||
| 005 | 20180117102603.0 | ||
| 008 | 160505s2017 maub b 001 0 eng | ||
| 010 | _a 2016011436 | ||
| 020 | _a9780745687988 (hardback) | ||
| 020 | _a9780745687995 (pbk.) | ||
| 040 |
_aDLC _beng _cDLC _erda _dD LC |
||
| 042 | _apcc | ||
| 043 |
_aa-is--- _aaw----- |
||
| 050 | 0 | 0 |
_aJZ6010 _b.R263 2017 |
| 082 | 0 | 0 |
_a303.69 RAM 2017 _223 |
| 100 | 1 |
_aRamsbotham, Oliver, _eauthor. _98467 |
|
| 245 | 1 | 0 |
_aWhen conflict resolution fails : _ban alternative to negotiation and dialogue : engaging radical disagreement in intractable conflicts / _cOliver Ramsbotham. |
| 264 | 1 |
_aMalden, MA : _bPolity, _c2017. |
|
| 300 |
_ax, 243 pages : _bmaps ; _c23 cm |
||
| 336 |
_atext _btxt _2rdacontent |
||
| 337 |
_aunmediated _bn _2rdamedia |
||
| 338 |
_avolume _bnc _2rdacarrier |
||
| 504 | _aIncludes bibliographical references (pages 220-231) and index. | ||
| 650 | 0 |
_aConflict management. _91884 |
|
| 650 | 0 |
_aArab-Israeli conflict. _98468 |
|
| 776 | 0 | 8 |
_iOnline version: _aRamsbotham, Oliver, author. _tWhen conflict resolution fails _dMalden, MA : Polity Press, 2016 _z9780745688015 _w(DLC) 2016023136 |
| 906 |
_a7 _bcbc _corignew _d1 _eecip _f20 _gy-gencatlg |
||
| 942 |
_2ddc _cBK |
||